In various directions: (Record no. 124451)
[ view plain ]
| 000 -LEADER | |
|---|---|
| fixed length control field | 00704cam a22002531 4500 |
| 001 - CONTROL NUMBER | |
| control field | 693805 |
| 003 - CONTROL NUMBER IDENTIFIER | |
| control field | ARRUPE |
| 005 - DATE AND TIME OF LATEST TRANSACTION | |
| control field | 20160323095407.0 |
| 008 - FIXED-LENGTH DATA ELEMENTS--GENERAL INFORMATION | |
| fixed length control field | 881114s1965 nyua 000 0 eng |
| 010 ## - LIBRARY OF CONGRESS CONTROL NUMBER | |
| LC control number | 65026729 |
| 035 ## - SYSTEM CONTROL NUMBER | |
| System control number | (OCoLC)711657 |
| 035 ## - SYSTEM CONTROL NUMBER | |
| System control number | (OCoLC)ocm00711657 |
| 035 ## - SYSTEM CONTROL NUMBER | |
| System control number | (CStRLIN)NYCG88-B80226 |
| 035 ## - SYSTEM CONTROL NUMBER | |
| System control number | (NNC)693805 |
| 040 ## - CATALOGING SOURCE | |
| Transcribing agency | DCL |
| 050 0# - LIBRARY OF CONGRESS CALL NUMBER | |
| Classification number | PN2021.G78 1965 |
| 300 ## - PHYSICAL DESCRIPTION | |
| Other physical details | illus. |
| Dimensions | 22 cm. |
| 100 1# - MAIN ENTRY--PERSONAL NAME | |
| Personal name | Guthrie, Tyrone, |
| Dates associated with a name | 1900-1971. |
| 9 (RLIN) | 23253 |
| 245 10 - TITLE STATEMENT | |
| Title | In various directions: |
| Remainder of title | a view of theatre. |
| Statement of responsibility, etc | by Guthrie, Tyrone |
| 260 ## - PUBLICATION, DISTRIBUTION, ETC. (IMPRINT) | |
| Place of publication, distribution, etc | London |
| Name of publisher, distributor, etc | Michael Joseph |
| Date of publication, distribution, etc | 1965 |
| 300 ## - PHYSICAL DESCRIPTION | |
| Extent | 221 p.; |
| 650 #0 - SUBJECT ADDED ENTRY--TOPICAL TERM | |
| Topical term or geographic name as entry element | Theater. |
| 9 (RLIN) | 23254 |
| General subdivision | Addresses |
| 942 ## - ADDED ENTRY ELEMENTS (KOHA) | |
| Source of classification or shelving scheme | Library of Congress Classification |
| Koha item type | Monograph ( Printed materials) |
| Withdrawn status | Lost status | Source of classification or shelving scheme | Damaged status | Not for loan | Collection code | Home library | Current library | Shelving location | Date acquired | Total Checkouts | Full call number | Barcode | Date last seen | Price effective from | Koha item type |
|---|---|---|---|---|---|---|---|---|---|---|---|---|---|---|---|
| Library of Congress Classification | Main Collection | ARRUPE LIBRARY | ARRUPE LIBRARY | Main Collection | 22/03/2016 | PN2021.G78 1965 | 46500007127 | 27/03/2019 | 22/03/2016 | Monograph ( Printed materials) |